| 000 | 00484cam a2200193ua 4500 | ||
|---|---|---|---|
| 001 | 458 | ||
| 008 | 110406n ii |||gr||||Z||||||eng | ||
| 020 | _a0-7069-2832-6 | ||
| 040 | _cMAIN | ||
| 082 | _a320.513 | ||
| 245 |
_aModern political theory. _cBy S P Varma. |
||
| 250 | _a1986 th. | ||
| 260 |
_aSahibabad.: _bNew prinindia pvt ltd.,975. |
||
| 300 | _axviii, 449 p.:6 cm. | ||
| 653 | _aPolitical science. | ||
| 653 | _aPolitical theory. | ||
| 700 | _aVarma, S P., | ||
| 942 | _cBK | ||
| 999 |
_c401 _d401 |
||